[Event "Bundesliga 2004-5"]
[Site "Wattenscheid GER"]
[Date "2004.11.28"]
[Round "4"]
[White "Nielsen,PH"]
[Black "Landa,K"]
[Result "1-0"]
[WhiteElo "2663"]
[BlackElo "2571"]

1.d4 d5 2.c4 e6 3.Nf3 Nf6 4.g3 Be7 5.Bg2 O-O 6.O-O dxc4 7.Qc2 a6 8.Qxc4 b5
9.Qc2 Bb7 10.Bd2 Ra7 11.Rc1 Be4 12.Qb3 Bd5 13.Qe3 Nc6 14.Rxc6 Bxc6 15.d5 Nxd5
16.Qxa7 Nb6 17.Qxa6 Bf6 18.a4 Qd7 19.axb5 Bd5 20.Qa3 Ra8 21.Ba5 Nc4 22.Qb4 Bxb2
23.Ra2 Bf6 24.e4 Bxe4 25.Qxc4 Qd1+ 26.Qf1 Qxf1+ 27.Kxf1 Bxb1 28.Nd2 Bd3+
29.Kg1 Ra7 30.Bf1 Bxf1 31.Kxf1 h5 32.Ne4 Be7 33.Nc3 Bf6 34.Bb4 Rb7 35.Ra5 Kh7
36.Ne4 Bd4 37.Bc5 Bb2 38.Ke2 Kg6 39.Kd3 Kf5 40.f3 g5 41.Bd4 Bxd4 42.Kxd4 Rb6
43.h3 h4 44.gxh4 gxh4 45.Ke3 Ke5 46.Nc3 Kd6 47.Ra6 Kc5 48.Ra7 Kd6 49.Ra4 f5
50.Kd4 Ke7 51.Kc5 Kf6 52.Rxh4 Rd6 53.Rd4  1-0

[Event "17th Belgrade Trophy"]
[Site "Obrenovac SCG"]
[Date "2004.11.29"]
[Round "8"]
[White "Pavlovic,Drago"]
[Black "Marcetic,N"]
[Result "1/2-1/2"]
[WhiteElo "2252"]
[BlackElo "2401"]

1.d4 d5 2.c4 e6 3.Nf3 Nf6 4.g3 Be7 5.Bg2 O-O 6.O-O dxc4 7.Qc2 a6 8.a4 Bd7
9.Qxc4 Bc6 10.Bg5 Bd5 11.Qc2 Be4 12.Qd1 c5 13.dxc5 Bxc5 14.Nc3 Bc6 15.Ne5 Bxg2
16.Kxg2 h6 17.Bxf6 Qxf6 18.Nd3 Bd4 19.Qb3 Qe7 20.e3 Ba7 21.Qb4 Qxb4 22.Nxb4 Bc5
23.Nd3 Be7 24.Ne4 Nd7 25.Rac1 Rac8 26.Rxc8 Rxc8 27.Rc1 Rxc1 28.Nxc1 f5 29.Nc3 Kf7
30.Kf1 g5 31.h3 Ne5 32.Ke2 h5 33.b3 g4 34.hxg4 hxg4 35.Nd3 Kf6 36.Nxe5 Kxe5
37.Kd3 Bb4 38.Na2 Be1 39.Ke2 Ba5 40.Kd3 Bb6 41.Nc3 Kd6 42.Kc4 Ba7 43.b4 Bb6
44.a5 Bd8 45.Na4 e5 46.Nc5 Kc6 47.e4 f4 48.Ne6 b5+ 49.Kc3 Bc7 50.Nxc7 Kxc7  1/2-1/2

[Event "Lushki B"]
[Site "Serpukhov RUS"]
[Date "2004.11.29"]
[Round "15"]
[White "Khamitskiy,S"]
[Black "Golovchenko,G"]
[Result "1/2-1/2"]
[WhiteElo "2230"]
[BlackElo "2353"]

1.d4 Nf6 2.c4 e6 3.g3 d5 4.Bg2 Be7 5.Nf3 c6 6.Nbd2 O-O 7.O-O Nbd7 8.Qc2 b6
9.Rd1 Bb7 10.e4 Rc8 11.b3 c5 12.exd5  1/2-1/2

[Event "75th Ann Catalan"]
[Site "Barcelona ESP"]
[Date "2004.11.30"]
[Round "2"]
[White "Moskalenko,V"]
[Black "Marin,M"]
[Result "1/2-1/2"]
[WhiteElo "2551"]
[BlackElo "2511"]

1.d4 Nf6 2.c4 d5 3.g3 e6 4.Nf3 Be7 5.Bg2 O-O 6.O-O Nbd7 7.Qc2 c6 8.b3 b6
9.Rd1 Ba6 10.Nc3 Rc8 11.Bb2 dxc4 12.bxc4 Bxc4 13.Ne5 Nxe5 14.dxe5 Nd7 15.Rd4 Bd5
16.e4 c5 17.Rxd5 exd5 18.Nxd5 c4 19.Rd1 c3 20.Bxc3 Nxe5 21.Qe2 Rxc3 22.Nxc3 Qc8
23.Nd5 Bc5 24.h3 f5 25.Kh2 fxe4 26.Bxe4  1/2-1/2

[Event "75th Ann Catalan"]
[Site "Barcelona ESP"]
[Date "2004.12.01"]
[Round "3"]
[White "Granados Gomez,M"]
[Black "Comas Fabrego,L"]
[Result "0-1"]
[WhiteElo "2425"]
[BlackElo "2509"]

1.d4 Nf6 2.c4 e6 3.g3 d5 4.Bg2 Be7 5.Nf3 O-O 6.O-O dxc4 7.Nbd2 b5 8.a4 c6
9.e4 Na6 10.e5 Nd5 11.Ne4 Nab4 12.Bd2 a5 13.h4 Ra7 14.Nfg5 f5 15.exf6 gxf6
16.Nh3 Kh8 17.Nc3 Nxc3 18.bxc3 Nd5 19.Nf4 b4 20.Re1 bxc3 21.Bc1 Nxf4 22.Bxf4 Rd7
23.Qh5 Rxd4 24.Be4 f5 25.Be5+ Bf6 26.Bxd4 Bxd4 27.Bg2 Rg8 28.Qf3 c5 29.Kh2 Qf6
30.Ra2 e5 31.Qc6 Qg7 32.Kh1 e4 33.Rb1 Qd7 34.Qxd7 Bxd7 35.Bf1 c2 36.Rxc2 Bxa4
37.Rxc4 Bc6 38.Rc2 a4 39.Bg2 Ra8 40.Ra2 Bd5 41.Ra3 Kg7 42.Kg1 Kf6 43.Bf1 Ke5
44.Be2 f4 45.gxf4+ Kxf4 46.Kf1 Ke5 47.Ke1 Rf8 48.Rxa4 Bxf2+ 49.Kd2 Bxh4 50.Bc4 Rf2+
51.Kc3 Bf6 52.Rb6 Rf3+ 53.Kc2 Bxc4 54.Rxc4 Kd5 55.Ra4 Rf2+ 56.Kd1 e3 57.Rxf6 Rxf6
58.Ke2 Re6  0-1

[Event "75th Ann Catalan"]
[Site "Barcelona ESP"]
[Date "2004.12.02"]
[Round "4"]
[White "Felgaer,R"]
[Black "Comas Fabrego,L"]
[Result "1/2-1/2"]
[WhiteElo "2569"]
[BlackElo "2509"]

1.d4 d5 2.c4 e6 3.g3 Nf6 4.Bg2 Be7 5.Nf3 O-O 6.O-O dxc4 7.Na3 Bxa3 8.bxa3 Nc6
9.Bb2 Nd5 10.Qc2 Nb6 11.e3 Bd7 12.Nd2 Ne7 13.Bxb7 Ba4 14.Qc1 Rb8 15.Bg2 Bb5
16.Bc3 Na4 17.Ne4 f5 18.Nc5 Nxc5 19.dxc5 Bc6 20.Rd1 Qe8 21.f3 Ng6 22.Ba5 Rf7
23.Qxc4 h5 24.Rd2 Bd5 25.Qd4 Bc6 26.Rad1 Ba4 27.Re1 Bc6 28.Qc3 Rd8 29.Red1 Rxd2
30.Rxd2 h4 31.Kf2 Kh7 32.Qd4 Rd7 33.Qb2 Rxd2+ 34.Qxd2 Qe7 35.Qc3 e5 36.Qc2 hxg3+
37.hxg3 f4 38.exf4 exf4 39.gxf4 Qh4+ 40.Kg1 Qxf4 41.Qd2 Qe5 42.Qc3 Qg5 43.Bxc7 Nh4
44.Qc2+ Kh8 45.Kh2 Bxf3 46.Bh1 Bxh1 47.Kxh1 Qd5+ 48.Kg1 Nf3+ 49.Kf1 Nd4 50.Qh2+ Kg8
51.Qe5 Qf3+ 52.Ke1 Qc3+ 53.Kf2 Qf3+ 54.Ke1 Qc3+  1/2-1/2

[Event "75th Ann Catalan"]
[Site "Barcelona ESP"]
[Date "2004.12.03"]
[Round "5"]
[White "Granados Gomez,M"]
[Black "Marin,M"]
[Result "0-1"]
[WhiteElo "2425"]
[BlackElo "2511"]

1.d4 d5 2.c4 e6 3.g3 Nf6 4.Bg2 Be7 5.Nf3 O-O 6.O-O Nbd7 7.b3 c6 8.Bb2 b6
9.Nc3 Ba6 10.Nd2 b5 11.e4 bxc4 12.bxc4 Nb6 13.e5 Ne8 14.c5 Bxf1 15.Bxf1 Nd7
16.Bd3 g6 17.f4 Ng7 18.Nb3 f6 19.Ne2 fxe5 20.fxe5 Bg5 21.Bc1 a5 22.a4 Rb8
23.Nf4 Bxf4 24.Bxf4 Nf5 25.Bxf5 Rxf5 26.Bd2 Qc8 27.Bxa5 Qa6 28.Bb6 Nxb6 29.cxb6 Qxb6
30.Rb1 Qb4 31.a5 Qc3 32.Kg2 Qe3 33.Qc2 Rbf8  0-1

[Event "TCh-SWE Elitserien 2004-5"]
[Site "Stockholm/Eksjo SWE"]
[Date "2004.12.04"]
[Round "4"]
[White "Olsson,L"]
[Black "Vernersson,P"]
[Result "0-1"]
[WhiteElo "2289"]
[BlackElo "2406"]

1.d4 d5 2.c4 e6 3.Nf3 Nf6 4.g3 Be7 5.Bg2 O-O 6.O-O dxc4 7.Qc2 a6 8.a4 Bd7
9.Qxc4 Bc6 10.Bg5 a5 11.Nc3 Nbd7 12.Rfd1 h6 13.Bf4 Bd6 14.Qd3 Bxf4 15.gxf4 Nh5
16.e3 Nb6 17.b3 f5 18.Rac1 Nf6 19.Qf1 Bxf3 20.Bxf3 Nbd5 21.Qb5 c6 22.Qc5 Rf7
23.Nb1 Qc7 24.Nd2 Nd7 25.Qc4 Qd8 26.Qf1 Kh7 27.Kh1 Qb6 28.Qd3 Nb4 29.Qc4 Nd5
30.Rg1 Raf8 31.Rg3 g6 32.Rcg1 Rg7 33.Qf1 N7f6 34.Rh3 Ng8 35.Qd1 Rd8 36.Nc4 Qb4
37.Ne5 Nde7 38.Qc2 Nf6 39.Nd3 Qd6 40.Qc5 Qc7 41.Rhg3 Ned5 42.Qc4 Nd7 43.Rc1 Qd6
44.Rcg1 Rdg8 45.Qc1 Qe7 46.Qf1 g5 47.fxg5 Rxg5 48.Qh3 Rxg3 49.Rxg3 Rg5 50.Kg1 Kg7
51.Bxd5 cxd5 52.f4 Rxg3+ 53.Qxg3+ Kh7 54.Ne5 Nxe5 55.dxe5 Qc5 56.h4 Qc2 57.Qf3 Qxb3
58.Qh5 Qxe3+ 59.Kg2 Qd2+ 60.Kh1 Qc1+ 61.Kg2 Qc2+ 62.Kh1 Kg7 63.Qe8 Qc6 64.Qe7+ Kg6
65.Kg2 d4+ 66.Kg3 Qc3+ 67.Kg2 Qc2+ 68.Kg3 Qb3+ 69.Kh2 Kh5 70.Qg7 Qc2+ 71.Kg3 Qd3+
72.Kg2 Qe2+ 73.Kh1 Qf1+ 74.Kh2 Qxf4+ 75.Kh1 Qxh4+ 76.Kg2 Qg4+  0-1

[Event "TCh-SWE Elitserien 2004-5"]
[Site "Stockholm/Eksjo SWE"]
[Date "2004.12.04"]
[Round "4"]
[White "Eriksson,Mag1"]
[Black "Haggstrom,O"]
[Result "1/2-1/2"]
[WhiteElo "2333"]
[BlackElo "2215"]

1.d4 d5 2.c4 e6 3.Nf3 Nf6 4.g3 Be7 5.Bg2 O-O 6.O-O dxc4 7.Qc2 a6 8.a4 Nc6
9.Rd1 Na5 10.Nbd2 Rb8 11.Ne5 Nd5 12.Ndxc4 Nb4 13.Qc3 Nxc4 14.Qxc4 f6 15.Nd3 Nxd3
16.Qxd3 Kh8 17.e4 e5 18.dxe5 Qxd3 19.Rxd3 fxe5 20.Be3 Be6 21.Rc1 c6 22.Bb6 Rbe8
23.h4 Bc8 24.Kh2 g5 25.hxg5 Bxg5 26.Rcd1 Rf6 27.Rd6 Rxd6 28.Rxd6 Kg7 29.Bh3 Bxh3
30.Kxh3 Rf8 31.Kg4 Bc1 32.b3 Rf7 33.Re6 Bb2 34.Bc5 Bd4 35.Bxd4 exd4 36.Rd6 Rxf2
37.Rxd4 Rf7 38.e5 Kf8 39.e6 Rg7+ 40.Kf5 Rxg3 41.Rd8+ Ke7 42.Rd7+ Ke8 43.Rxb7 h5
44.Ke5 Rd3 45.b4 h4 46.Rh7 h3 47.Rh8+ Ke7 48.Rh7+ Ke8 49.Rh8+ Ke7 50.Rh7+  1/2-1/2

[Event "TCh-SWE Elitserien 2004-5"]
[Site "Stockholm/Eksjo SWE"]
[Date "2004.12.04"]
[Round "4"]
[White "Larsson,P"]
[Black "Ong,Kez"]
[Result "0-1"]
[WhiteElo "2353"]
[BlackElo "2325"]

1.Nf3 Nf6 2.c4 e6 3.g3 d5 4.d4 Be7 5.Bg2 O-O 6.O-O dxc4 7.Qc2 a6 8.Qxc4 b5
9.Qc2 Bb7 10.Bd2 Be4 11.Qc1 Nbd7 12.Ba5 Rc8 13.Nc3 Ba8 14.a4 b4 15.Na2 Nd5
16.Qd2 Rb8 17.Rfc1 b3 18.Nc3 Nb4 19.Nb5 axb5 20.Bxb4 Bxb4 21.Qxb4 bxa4 22.Qxa4 Bd5
23.Qa5 Nb6 24.Qc5 Ra8 25.Qb4 Ra2 26.Ne5 Bxg2 27.Kxg2 Qa8+  0-1

[Event "TCh-SLO"]
[Site "Celje SLO"]
[Date "2004.12.05"]
[Round "9"]
[White "Gostisa,L"]
[Black "Zupe,M"]
[Result "1-0"]
[WhiteElo "2422"]
[BlackElo "2394"]

1.d4 Nf6 2.c4 e6 3.g3 d5 4.Nf3 Be7 5.Bg2 O-O 6.O-O dxc4 7.Nbd2 Bd7 8.Ne5 Bc6
9.Nxc6 Nxc6 10.e3 Na5 11.Qa4 c5 12.dxc5 c3 13.bxc3 Qc7 14.Nb3 Nxb3 15.axb3 Bxc5
16.c4 a6 17.Bb2 Rad8 18.Qa5 Bb6 19.Qg5 h6 20.Qh4 e5 21.Rfd1 Bc5 22.Qh3 Rxd1+
23.Rxd1 Re8 24.Qf5 b6 25.g4 Qe7 26.h3 a5 27.Qf3 Qe6 28.Qc6 g5 29.Qf3 Kg7
30.Qg3 Ng8 31.Bd5 Qe7 32.Bc6 Rc8 33.Bxe5+ Kf8 34.Bg2 Rd8 35.Rxd8+ Qxd8 36.Qf3 Be7
37.Qc6 Bf6 38.Bd6+ Kg7 39.Qc7 Be7 40.Be5+ f6 41.Qxd8 Bxd8 42.Bd4 Ne7 43.Be4 Kf7
44.Kg2 Ke6 45.f4 Bc7 46.f5+ Kf7 47.Bb7 h5 48.Kf3 hxg4+ 49.hxg4 Bd8 50.Ke4 Kg7
51.Ba8 Bc7 52.Bb7 Bd8 53.Bb2 Bc7 54.Ba3 Bd8 55.Bd6 Kf7 56.Kd4 Ke8 57.e4 Kd7
58.e5 Ng8 59.Kd5 Ne7+ 60.Ke4 Ng8 61.Bd5 fxe5 62.Bxe5 Nf6+ 63.Kf3 Be7 64.Bd4 Bd8
65.Be3 Ne8 66.Bf7 Nd6 67.Be6+ Kc6 68.Bd4 Ne8 69.Bf7 Nf6 70.Be3 Nh7 71.Bg6 Nf8
72.Bd4 Kd6 73.Be8 Nh7 74.Bg7 Bf6 75.Bh6 Be7 76.Bg6 Bf8 77.Bxf8+ Nxf8 78.Ke4 Nd7
79.f6 Nc5+ 80.Kf5 Nxb3 81.Kxg5 a4 82.Kh6 Nc5 83.Bf5 a3 84.f7  1-0

[Event "XII It"]
[Site "Solin-Split CRO"]
[Date "2004.12.07"]
[Round "5"]
[White "Romanishin,O"]
[Black "Cvorovic,D"]
[Result "1-0"]
[WhiteElo "2543"]
[BlackElo "2441"]

1.d4 Nf6 2.Nf3 e6 3.g3 d5 4.Bg2 Be7 5.c4 O-O 6.O-O a5 7.Nc3 Ne4 8.Ne5 f6
9.Nd3 f5 10.Bf4 dxc4 11.Ne5 Nd6 12.e4 Nd7 13.Qe2 Nb6 14.Rad1 fxe4 15.Nxe4 Nd5
16.Bc1 b5 17.Nc5 Nf5 18.Nc6 Qd6 19.Nxe7+ Qxe7 20.Qe5 Qd6 21.Rfe1 Rb8 22.Nxe6 Bxe6
23.Qxe6+ Qxe6 24.Rxe6 Nb4 25.Be4 Nd6 26.Bb1 Rbe8 27.Re5 Nc6 28.Rc5 Nxd4 29.Rxc7 Ne2+
30.Kf1 Nf5 31.Bxf5 Rxf5 32.Be3 Rxe3 33.Rd8+ Rf8 34.Rxf8+ Kxf8 35.fxe3 Nc1
36.a4  1-0

[Event "ch-IND"]
[Site "Visakhapatnam IND"]
[Date "2004.12.07"]
[Round "5"]
[White "Roktim,B"]
[Black "Venkatesh,M"]
[Result "1/2-1/2"]
[WhiteElo "2345"]
[BlackElo "2450"]

1.d4 Nf6 2.Nf3 e6 3.g3 d5 4.Bg2 Be7 5.c4 O-O 6.O-O dxc4 7.Qc2 a6 8.a4 Bd7
9.Bg5 Bc6 10.Bxf6 Bxf6 11.Rd1 a5 12.Qxc4 Bd5 13.Qc2 Na6 14.e4 Nb4 15.Qe2 Bc6  1/2-1/2

[Event "XII It"]
[Site "Solin-Split CRO"]
[Date "2004.12.09"]
[Round "6"]
[White "Saric,A"]
[Black "Kovacevic,B"]
[Result "1/2-1/2"]
[WhiteElo "2437"]
[BlackElo "2503"]

1.d4 Nf6 2.c4 e6 3.Nf3 d5 4.g3 Be7 5.Bg2 O-O 6.Qc2 c6 7.O-O Nbd7 8.b3 b6
9.Rd1 Bb7 10.Nc3 Rc8 11.e4 dxe4 12.Ne5 Qc7 13.Nxd7 Qxd7 14.a4 Rcd8 15.Bb2 Qc7
16.Nxe4 c5 17.Rd2 Bxe4 18.Bxe4 Nxe4 19.Qxe4 Bg5 20.Rd3 Bf6 21.Rad1 Rd7 22.Ba3 Rc8
23.dxc5 Rxd3 24.Qxd3 bxc5 25.Qd7 Bd4 26.Qxc7 Rxc7 27.b4 Rd7 28.Kf1 cxb4 29.Bxb4 e5
30.Bc5 g6 31.Ke2 Rb7 32.Bxd4 exd4 33.c5 Rd7 34.Kd3 Kf8 35.Re1 Rb7 36.c6 Rb6
37.Rc1 Rb8 38.Kxd4 Ke7 39.Kd5 Rd8+ 40.Kc5 Rd2 41.Re1+ Kd8 42.c7+ Kxc7 43.Re7+ Rd7
44.Rxd7+ Kxd7 45.g4 g5 46.Kd5 Kc7 47.Kc5 Kd7 48.Kb5 Kc7 49.Ka6 Kb8 50.Kb5 Kc7
51.Ka6  1/2-1/2

[Event "Open"]
[Site "Banja Luka BIH"]
[Date "2004.12.10"]
[Round "7"]
[White "Bratic,I"]
[Black "Sibarevic,M"]
[Result "0-1"]
[WhiteElo "2164"]
[BlackElo "2363"]

1.d4 Nf6 2.c4 e6 3.g3 d5 4.Bg2 Be7 5.Nf3 O-O 6.O-O dxc4 7.Qc2 a6 8.a4 Bd7
9.Qxc4 Bc6 10.Bg5 Bd5 11.Qc2 Be4 12.Qc1 Nbd7 13.Nc3 Bc6 14.Qc2 Bb4 15.Rfd1 h6
16.Bf4 Rc8 17.Na2 Bd6 18.Nc3 Qe7 19.Bxd6 cxd6 20.Qd3 Bxf3 21.Bxf3 d5 22.e4 dxe4
23.Nxe4 Qb4 24.Nxf6+ Nxf6 25.Qa3 Rc4 26.b3 Rxd4 27.Rxd4 Qxd4 28.Bxb7 Ng4
29.Rf1 a5 30.h3 Ne5 31.Bg2 Rc8 32.Qa2 Rc3 33.Kh2 Nf3+ 34.Bxf3 Rxf3 35.Qc2 Qb6
36.Kg2 Rxb3 37.Rd1 g6 38.Qc8+ Kg7 39.Rd8 Rb4 40.Rg8+ Kf6 41.Qf8 Qb7+ 42.Kh2 Rb2
43.Qg7+ Kf5 44.Qd4 Qb4 45.g4+  0-1

[Event "Open"]
[Site "Ashdod ISR"]
[Date "2004.12.12"]
[Round "4"]
[White "Postny,E"]
[Black "Rodshtein,M"]
[Result "1-0"]
[WhiteElo "2563"]
[BlackElo "2377"]

1.d4 e6 2.c4 Nf6 3.g3 d5 4.Bg2 Be7 5.Nf3 O-O 6.Qc2 c5 7.O-O cxd4 8.Nxd4 dxc4
9.Rd1 Qc7 10.Na3 Bxa3 11.Nb5 Qe7 12.Nxa3 e5 13.Nxc4 Nc6 14.b3 Nd4 15.Rxd4 exd4
16.Ba3 Qc7 17.Bd6 Qd8 18.Bxf8 Kxf8 19.Rd1 Rb8 20.Qb2 Qe7 21.Qxd4  1-0

[Event "Open"]
[Site "Ashdod ISR"]
[Date "2004.12.12"]
[Round "4"]
[White "Huzman,A"]
[Black "Porat,S"]
[Result "1/2-1/2"]
[WhiteElo "2581"]
[BlackElo "2421"]

1.d4 Nf6 2.c4 e6 3.g3 d5 4.Bg2 Be7 5.Nf3 O-O 6.O-O b6 7.Nc3 Bb7 8.cxd5 exd5
9.Bf4 Na6 10.Rc1 Qd7 11.Qa4 Qxa4 12.Nxa4 c5 13.dxc5 bxc5 14.Ne5 Rad8 15.b3 Nd7
16.Nd3 Bc6 17.Nc3 Nb6 18.Ne5 Be8 19.Rfd1 d4 20.Ne4 h6 21.Nd3 g5 22.Bd2 Rc8
23.Ba5 Bb5 24.a4 Bc6 25.Ne5 Bd5 26.Bxb6 axb6 27.Nd2 Bxg2 28.Kxg2 Rc7 29.Ndc4 Rb8
30.Na3 Bf6 31.Nd3 Re7 32.Rc2 Nc7 33.b4 Nd5 34.bxc5 Nc3 35.Re1 bxc5 36.Nxc5 Rc8
37.Nd3 Ra8 38.Nb5 Rxa4 39.Nd6 Ra5 40.g4 Bg7 41.Nf5 Re8 42.e3 Nd5 43.e4 Nf6
44.f3 h5 45.h3 hxg4 46.hxg4 Ra3 47.Rd1 Rc3 48.Ra2 Nd7 49.Ra5 Bf6 50.Ra6 Rxd3
51.Rxd3 Nc5 52.Rxf6 Nxd3 53.Nxd4 Nf4+ 54.Kf2 Rd8 55.Ke3 Ra8 56.Rb6 Ra1 57.Rb3 Ra2
58.e5 Kg7 59.Nf5+ Kh7 60.Nd4 Kg7 61.Rb7 Ra3+ 62.Ke4 Ra4 63.Rd7 Ne6 64.Ke3 Ra3+
65.Kf2 Ra2+ 66.Ke1 Ra1+ 67.Kd2 Nxd4 68.Rxd4 Ra5 69.Re4 Kf8 70.e6 f5 71.e7+ Ke8
72.gxf5 Rxf5 73.Ke3 Rf7 74.Re5 Rg7 75.Ke4 g4  1/2-1/2

[Event "Region Champ"]
[Site "Voronezh RUS"]
[Date "2004.12.12"]
[Round "10"]
[White "Chuprikov,D"]
[Black "Terentiev,V"]
[Result "1-0"]
[WhiteElo "2396"]
[BlackElo "2355"]

1.c4 e6 2.g3 d5 3.Nf3 Nf6 4.Bg2 Be7 5.d4 O-O 6.Nbd2 b6 7.b3 Bb7 8.Bb2 Nbd7
9.O-O c5 10.e3 Rc8 11.Qe2 dxc4 12.Nxc4 cxd4 13.Nxd4 Bxg2 14.Kxg2 a6 15.a4 Nd5
16.Rac1 Nb4 17.Rfd1 Qe8 18.Qf3 Rc7 19.Ba3 Qa8 20.Ne2 Qxf3+ 21.Kxf3 a5 22.Bxb4 axb4
23.Nd4 Bc5 24.Nb5 Rb7 25.Ke2 g6 26.Ncd6 Bxd6 27.Nxd6 Rbb8 28.Rc4 Ne5 29.Rxb4 Rfd8
30.Nc4 Rxd1 31.Kxd1 Rd8+ 32.Kc2 Nd3 33.Rxb6 Nxf2 34.a5  1-0

[Event "Master Open"]
[Site "Singapore SIN"]
[Date "2004.12.13"]
[Round "4"]
[White "Iswana,A"]
[Black "Yueh Wei Po"]
[Result "1-0"]
[WhiteElo "2096"]
[BlackElo "2127"]

1.Nf3 d5 2.d4 Nf6 3.c4 e6 4.g3 Be7 5.Bg2 O-O 6.O-O Nbd7 7.c5 c6 8.Nc3 b6
9.b4 a5 10.b5 bxc5 11.bxc6 Nb8 12.Ne5 Ra6 13.dxc5 Nxc6 14.Nd3 Nb4 15.Ba3 Rc6
16.Na4 Nxd3 17.exd3 Ba6 18.Re1 Qc7 19.d4 Re8 20.Nc3 Nd7 21.Bc1 Qa7 22.a4 Nxc5
23.Nb5 Bxb5 24.axb5 Rb6 25.dxc5 Bxc5 26.Bf1 Rd6 27.Be3 d4 28.Bf4 Rd7 29.Bd3 Rde7
30.Bd2 Bb6 31.Qh5 f5 32.Qf3 Qb7 33.Qxb7 Rxb7 34.Bxf5 Rbe7 35.Bg5 g6 36.Bxe7 gxf5
37.Rxe6 Bc5 38.Bxc5 Rxe6 39.Bxd4  1-0

[Event "XVII Torre Mem"]
[Site "Yucatan MEX"]
[Date "2004.12.13"]
[Round "1"]
[White "Gonzalez Zamora,J"]
[Black "Capo Vidal,U"]
[Result "1/2-1/2"]
[WhiteElo "2524"]
[BlackElo "2186"]

1.c4 e6 2.Nf3 Nf6 3.g3 d5 4.d4 Be7 5.Bg2 O-O 6.O-O dxc4 7.Qc2 a6 8.Qxc4 b5
9.Qc2 Bb7 10.Bd2 Nbd7 11.Ba5 Rc8 12.Nbd2 Nb6 13.b4 Bxf3 14.Bxf3 Qxd4 15.Rac1 Nbd5
16.Nb3 Qa7 17.a3 Nd7 18.Bxd5 exd5 19.Qc6 Ne5 20.Qxd5 Nc4 21.Rfd1 Rfe8 22.Qf3 c5
23.bxc5 Bxc5 24.Nxc5 Qxc5 25.Bc3 Qxa3 26.Qg4 Qf8 27.h4 Rc6 28.h5 h6 29.Ba1 Rec8
30.Rb1 Na3 31.Rb3 Rc1 32.Rd3 Rxd1+ 33.Rxd1 Rc4 34.e4 f6 35.Qe6+ Kh7 36.Qf5+ Kg8
37.e5 Qc8 38.Qf3 fxe5 39.Bxe5 Rc1 40.Qd5+ Kh8 41.Bxg7+ Kxg7 42.Qe5+ Kg8 43.Qd5+ Kg7
44.Qd4+ Kg8 45.Qd5+ Kg7  1/2-1/2

[Event "Open"]
[Site "Zadar CRO"]
[Date "2004.12.17"]
[Round "7"]
[White "Biliskov,V"]
[Black "Plenkovic,Z"]
[Result "1/2-1/2"]
[WhiteElo "2325"]
[BlackElo "2240"]

1.Nf3 d5 2.c4 e6 3.d4 Nf6 4.g3 Be7 5.Bg2 O-O 6.O-O a5 7.Nc3 Ne4 8.Qc2 f5
9.Ne5 Nxc3 10.bxc3 Ra6 11.Rb1 Nc6 12.Nxc6 Rxc6 13.cxd5 exd5 14.Rb5 Be6 15.Rxb7 Bb4
16.Bd2 Qa8 17.Rb5 Rc4 18.Qb3 c6 19.Rb6 Qa7 20.Rxc6 Rxc6 21.Bxd5 Qf7 22.Bxe6 Rxe6
23.cxb4 Rxe2 24.Qd3 Rfe8 25.bxa5 Qxa2 26.Bb4 Qd5 27.Rc1 h5 28.h3 Ra2 29.a6 Ra8
30.Bc5 R8xa6 31.Qc4 Qxc4 32.Rxc4 Kf7 33.h4 Ke6 34.Rc3 Re2 35.Bf8 Ra1+ 36.Kg2 Raa2
37.Rf3 g6 38.Bg7 Kd5 39.Be5 Red2 40.Bf6 Kc4 41.Be5 Re2 42.Bg7 Re1 43.d5 Kxd5
44.Rd3+ Ke6 45.Bh6 Ree2 46.Be3 Rec2 47.Kf3 Ra4 48.Rb3 Kd6 49.Rb6+ Rc6 50.Rb5 Re4
51.Bf4+ Ke6 52.Be3 Re5 53.Rb3 Ra5 54.Rd3 Ra4 55.Rb3 Kd5 56.Rd3+ Kc4 57.Rd4+ Kb3
58.Rd3+ Kc2 59.Rd2+ Kc3 60.Rd1 Re6 61.Rc1+ Kb2 62.Rc7 Kb3 63.Rc1 Kb2 64.Rc7 Ra3
65.Rd7 Rc3 66.Rd2+ Kc1 67.Rd7+ Kc2 68.Rd4  1/2-1/2

[Event "Amplico AIG Life"]
[Site "Warsaw POL"]
[Date "2004.12.18"]
[Round "3"]
[White "Lagowski,P"]
[Black "Short,N"]
[Result "1/2-1/2"]
[WhiteElo "2406"]
[BlackElo "2687"]

1.d4 e6 2.c4 Nf6 3.Nf3 d5 4.g3 Be7 5.Bg2 O-O 6.Qc2 c5 7.cxd5 cxd4 8.Nxd4 Nxd5
9.O-O Nb4 10.Qc4 Nd7 11.Rd1 Nb6 12.Qb3 e5 13.Nc6 bxc6 14.Rxd8 Rxd8 15.Bd2 Be6
16.Qd1 Nxa2 17.Qe1 Nb4 18.Na3 a5 19.Rc1 Rac8 20.Be3 Na4 21.h3 Nxb2 22.Qc3 Nd1
23.Qxe5 Na2 24.Rxc6 Rxc6 25.Bxc6 Bxa3 26.Bb6 Rc8 27.Bb7 Rc1 28.Kg2 Bf8 29.f4 Ndc3
30.f5 Rc2 31.fxe6 Rxe2+ 32.Qxe2 Nxe2 33.exf7+ Kh8 34.Bxa5 Nd4 35.Bd5 Nb4
36.Bb6 Nxd5 37.Bxd4 h6 38.Kf3 Kh7 39.Ke4 Nb4 40.Kf5 Nc6 41.Bb6 g6+ 42.Kf6 Ba3
43.g4 Bb2+ 44.Ke6 Kg7 45.Bc7 Ba3 46.Kd7 Kxf7 47.Kxc6  1/2-1/2

[Event "Open"]
[Site "Lindsborg USA"]
[Date "2004.12.21"]
[Round "7"]
[White "Ippolito,D"]
[Black "Mokriak,L"]
[Result "1-0"]
[WhiteElo "2392"]
[BlackElo "2181"]

1.d4 d5 2.Nf3 Nf6 3.c4 e6 4.g3 Be7 5.Bg2 Ne4 6.O-O h5 7.Nbd2 h4 8.Nxe4 dxe4
9.Ne5 c5 10.Be3 hxg3 11.fxg3 f5 12.Bxe4 Bg5 13.Qa4+ Bd7 14.Qa3 Nc6 15.Bxc6 Bxc6
16.Nxc6 bxc6 17.dxc5 Kf7 18.Rad1 Qe7 19.Rd6 Rh7 20.Qd3 Bxe3+ 21.Qxe3 Rah8
22.Rf2 Qf6 23.Qd4 Qg5 24.e3 Rh3 25.Qf4 Qf6 26.Rd7+ Kg6 27.e4 R8h5 28.exf5+ Kh7
29.Rd6 Rxf5 30.Qxf5+  1-0

[Event "Open A"]
[Site "Krakow POL"]
[Date "2004.12.27"]
[Round "1"]
[White "Baryshpolets,A"]
[Black "Barglowski,F"]
[Result "1/2-1/2"]
[WhiteElo "2120"]
[BlackElo "2335"]

1.Nf3 Nf6 2.d4 d5 3.c4 e6 4.g3 Be7 5.Bg2 O-O 6.O-O dxc4 7.Qa4 a6 8.Qxc4 b5
9.Qc2 Bb7 10.Bf4 Bd6 11.Nbd2 Nbd7 12.Rac1 Rc8 13.Nb3 Be4 14.Qd2 Nd5 15.a3 Nxf4
16.gxf4 c5 17.Qe3 Bxf3 18.Qxf3 Qf6 19.dxc5 Nxc5 20.Nxc5 Rxc5 21.Rxc5 Bxc5
22.b4 Bd6 23.e3 Qb2 24.Qc6 Be7 25.Qxa6 Rd8 26.Bc6 g6 27.Bxb5 Bh4 28.Bd3 Qc3
29.Be4 Rd2 30.Qa7 Kg7 31.Qc5 Qxa3 32.Bc6 Rb2 33.Be8 Qxb4 34.Qxb4 Rxb4 35.Kg2 Rb2
36.Kf3 f5 37.Ba4 Kf6 38.Bd1 h6 39.h3 Rd2 40.Ba4 Ra2 41.Bc6 Rc2 42.Ba4 Rc4
43.Bb3 Rb4 44.Rb1 g5 45.Bc2 Rc4 46.fxg5+ hxg5 47.Rb2  1/2-1/2

[Event "34th Rilton Cup"]
[Site "Stockholm SWE"]
[Date "2005.01.05"]
[Round "9"]
[White "Kuemin,S"]
[Black "Ong,Kez"]
[Result "1-0"]
[WhiteElo "2392"]
[BlackElo "2325"]

1.d4 Nf6 2.c4 e6 3.g3 d5 4.Bg2 Be7 5.Nf3 O-O 6.O-O dxc4 7.Na3 Bxa3 8.bxa3 a6
9.Ne5 Nc6 10.Nxc6 bxc6 11.Qa4 Qxd4 12.Be3 Qd6 13.Qxc4 Rd8 14.Rab1 a5 15.Qxc6 Ra6
16.Qc2 Nd5 17.Bc5 Rc6 18.Rbc1 Qe5 19.Rfd1 Rd7 20.Qa4 Nc3 21.Rxd7 Nxe2+ 22.Kf1 Bxd7
23.Bxc6 Nxc1 24.Be3 Bc8 25.Bb7 h6 26.Qe8+ Kh7 27.Qxc8 Nxa2 28.Qd7 Nc3 29.Qd3+ g6
30.Bd4 Qb5 31.Qxb5 Nxb5 32.Bb2 Kg8 33.a4 Nd6 34.Bc6 Kf8 35.Bc3 Nc4 36.Bb5 Nb6
37.Bxa5 Ke7 38.Bxb6 cxb6 39.Ke2 Kd6 40.Kd3 Kc5 41.Be8  1-0

[Event "XXX Open"]
[Site "Seville ESP"]
[Date "2005.01.09"]
[Round "3"]
[White "Komljenovic,D"]
[Black "Naranjo Moreno,A"]
[Result "1/2-1/2"]
[WhiteElo "2479"]
[BlackElo "2169"]

1.c4 e6 2.Nf3 d5 3.d4 Nf6 4.g3 Be7 5.Bg2 O-O 6.O-O Nbd7 7.Qc2 c6 8.Rd1 Bd6
9.Nbd2 Qe7 10.e4 Nxe4 11.Nxe4 dxe4 12.Qxe4 c5 13.Bf4 Bxf4 14.Qxf4 cxd4 15.Qxd4 f6
16.Nd2 f5 17.Rac1 e5 18.Qd5+ Kh8 19.c5 Rb8 20.b4 Nf6 21.Qd6 Qxd6 22.cxd6 Be6
23.Nf3 e4 24.Nd4 Bd7 25.Bf1 Rfd8 26.Bb5 g6 27.Rc5 Ne8 28.Rd5 a6 29.Bf1 Ba4
30.Nb3 Bxb3 31.axb3 Rd7 32.b5 Rbd8 33.bxa6 bxa6 34.Re5 Kg7 35.Bxa6 Rxd6 36.Rxd6 Nxd6
37.Re7+ Kg8 38.Rc7 Rb8 39.Rc6 Nb5 40.Rc8+ Rxc8 41.Bxc8 Kf7 42.h4 Ke7 43.Kf1 Kd6
44.h5 Ke5 45.Ba6 Nd4 46.Bc4 gxh5 47.b4 Kd6 48.Bg8 h6 49.Kg2 Nc2 50.Bh7 Nxb4
51.Bxf5 Ke5 52.Bg6 Nc6 53.Bxh5 Nd4 54.Bg6 Nb5 55.Kf1 Nc3 56.Ke1 Kd4 57.Kd2 Nd5
58.Ke2 Nc3+ 59.Ke1 Nd5 60.Bf7 Nc3 61.Kd2 Nb5 62.Be8 Nd6 63.Bd7 Nf7 64.Ke2 Ne5
65.Be6 Nf3 66.Bg4 Ne5 67.Bh5 Nc4  1/2-1/2

[Event "TCh-SWE Elitserien 2004-5"]
[Site "Sweden SWE"]
[Date "2005.01.15"]
[Round "6"]
[White "Brynell,S"]
[Black "Vernersson,P"]
[Result "0-1"]
[WhiteElo "2464"]
[BlackElo "2406"]

1.d4 d5 2.c4 e6 3.Nf3 Nf6 4.g3 Be7 5.Bg2 O-O 6.O-O dxc4 7.Qc2 a6 8.a4 Bd7
9.Qxc4 Bc6 10.Bf4 Bd6 11.Bg5 Nbd7 12.Nc3 h6 13.Bxf6 Nxf6 14.Rfe1 Bxf3 15.Bxf3 c6
16.Qb3 Rb8 17.Red1 Qa5 18.Rac1 Rfd8 19.Nb1 Qb4 20.Nd2 Be7 21.Qxb4 Bxb4 22.Nb3 a5
23.e3 Nd7 24.Rc2 Rbc8 25.Nc1 Nb6 26.b3 Nd5 27.Nd3 Ba3 28.Ne5 Nb6 29.Kg2 Kf8
30.h4 Bd6 31.Nd3 Nd5 32.Nc5 Bxc5 33.Rxc5 Ra8 34.Bxd5 Rxd5 35.e4 Rd6 36.Kf3 Rad8
37.Ke3 b6 38.Rc4 c5 39.f3 f5 40.h5 Kf7 41.Rd2 R6d7 42.e5 Rd5 43.g4 fxg4 44.fxg4 Ke7
45.Rd3 R8d7 46.Rd2 Kd8 47.Rf2 Rxd4 48.Rxd4 Rxd4 49.g5 hxg5 50.Rf7 Rh4 51.Rxg7 Rxh5
52.Kd3 Rh4 53.Rxg5 Kd7 54.Rg8 Rb4 55.Kc3 Re4  0-1

[Event "It"]
[Site "Bermuda BER"]
[Date "2005.01.31"]
[Round "2"]
[White "Gelfand,B"]
[Black "Vescovi,G"]
[Result "1/2-1/2"]
[WhiteElo "2696"]
[BlackElo "2645"]

1.d4 Nf6 2.Nf3 e6 3.g3 d5 4.Bg2 Be7 5.c4 O-O 6.O-O dxc4 7.Qc2 a6 8.Qxc4 b5
9.Qc2 Bb7 10.Bd2 Ra7 11.Rc1 Be4 12.Qb3 Nbd7 13.Ba5 Qb8 14.Nbd2 Ba8 15.Bb4 c5
16.Bxc5 Nxc5 17.dxc5 Rc8 18.Qa3 Rac7 19.b4 a5 20.Qxa5 Ra7 21.Qb6 Rb7 22.Qa5 Ra7  1/2-1/2

[Event "5th It"]
[Site "Pulvermuehle GER"]
[Date "2005.02.05"]
[Round "2"]
[White "Wells,P"]
[Black "Baramidze,D"]
[Result "1/2-1/2"]
[WhiteElo "2519"]
[BlackElo "2550"]

1.d4 d5 2.c4 e6 3.Nf3 Be7 4.g3 Nf6 5.Bg2 O-O 6.O-O dxc4 7.Qc2 a6 8.Qxc4 b5
9.Qc2 Bb7 10.Bg5 Nbd7 11.Bxf6 Nxf6 12.Nbd2 Rc8 13.Nb3 c5 14.dxc5 Bd5 15.Rfd1 Qc7
16.Nfd4 Bxg2 17.Kxg2 Bxc5 18.Nxc5 Qxc5 19.Qxc5 Rxc5 20.Rac1 Rd5 21.Nc6 Rxd1
22.Rxd1 Ra8 23.Ne5 Kf8 24.Rd6 Ke8 25.Rb6 Nd7 26.Nxd7 Kxd7 27.Rb7+ Ke8 28.b4 Rc8
29.Rb6 Rc2 30.Rxa6 Rxe2 31.Ra5 Ke7 32.Rxb5 Rxa2 33.Rb7+ Kf6 34.h4 h5 35.Kf3 Rb2
36.b5 Rb3+ 37.Ke2 Rb2+ 38.Ke3 Rb3+ 39.Ke2 Rb2+ 40.Ke3 Rb3+ 41.Ke2  1/2-1/2